Science Quiz

Random Science or Clickable Quiz
Score 0/17 Timer 04:00
0 Plays Today
Hint % Correct
a thorn like projectionspine
88%
A rounded process that usually articulates with another bonecondyle
84.9%
an enlargement on the end of a bonehead
81.5%
a projection situated above a condyleepicondyle
76.8%
a relatively deep pit or depressionfossa
76.4%
a narrow, ridge like projectioncrest
76.4%
a prominent projection on a boneprocess
76%
a cavity within a bonesinus
74.1%
an interlocking line of union between bonessuture
69.5%
Hint % Correct
a small, nearly flat surfacefacet
69.4%
a tiny pit or depressionfovea
68.6%
opening through a bone in which blood vessels or nerves can go throughforamen
64.9%
a soft spot in the skull where membranes cover the space between bonesfontanel
63.9%
a knoblike process usually larger than tubercletuberosity
60.9%
a tubelike passageway within a bonemeatus
60.8%
a relatively large processtrochanter
60.2%
a small, knob like processtubercle
56.9%
Remove Ads.
Support Sporcle.
Get the best of Sporcle when you Go Orange. This ad-free experience offers more features, more stats, and more fun while also helping to support Sporcle. Thank you for becoming a member.

You're not logged in!

Compare scores with friends on all Sporcle quizzes.
OR
Log In

Show Comments

Extras

Top Quizzes Today


Score Distribution

Your Account Isn't Verified!

In order to create a playlist on Sporcle, you need to verify the email address you used during registration. Go to your Sporcle Settings to finish the process.

Report this User

Report this user for behavior that violates our Community Guidelines.

Details: